Statistics for Rock bands with numbers in name (by song title)

Click here to take the quiz!

General Stats

  • This quiz has been taken 46 times
  • The average score is 6 of 15

Answer Stats

HintAnswer% Correct
Moves Like JaggerMaroon 5
85%
ABCJackson Five
80%
Red Red WineUB40
78%
Angel of HarlemU2
66%
What Makes You BeautifulOne Direction
51%
HurtNine Inch Nails
41%
December 1963 (Oh, What A Night)Four Seasons
37%
Joy to the WorldThree Dog Night
32%
Private Idahob52s
22%
Glad All OverDave Clark Five
22%
Kick out the JamsMC5
20%
Pretend We're DeadL7
17%
Love Plus OneHaircut One Hundred
12%
I'd Love to Change the WorldTen Years After
10%
Something About YouLevel 42
2%

Score Distribution

Percentile by Number Answered

Percent of People with Each Score

Your Score History

You have not taken this quiz